000 00647nam a22002177a 4500
003 PILC
005 20151027145831.0
008 130920t xxu||||| |||| 00| 0 eng d
020 _a9780027058512
050 _aQL 768
_b.Ar75 1989
082 _aGS 808.3087
_bA63 1989
100 _aArnosky, Jim.
_921158
245 _aCrinkleroot’s book of animal tracking /
_cJim Arnosky.
260 _aNew York :
_bMacmillan,
_cc1989.
300 _a48 p. :
_bill, ;
_c26 cm.
562 _e1
650 _aAnimal tracks
_xjuvenile literature
_921159
650 _aTracking and trailing
_xJuvenile literature
_921160
942 _2lcc
_cBK
999 _c11824
_d11824